000 00627nam a2200241Ia 4500
003 OSt
005 20221007104642.0
006 a|||||r|||| 00| 0
007 ta
008 221006b |||||||| |||| 00| 0 eng d
024 _a16,470
037 _cTextual
040 _aLCO
_cLCO
_beng
041 _2eng
_aeng
082 _aZ73,5, L5
100 _aBlanchard Robert E.
_9695930
245 0 _aAdministration of Justice
260 _aNew
_bYork John Wiley & Sons U.S.A.
_c1975
300 _a399
650 _aADMINISTRATION
942 _hZ73,5, L5
_cTEXL
999 _c1186033
_d1186033